Detalles MARC
| 000 -LIDER |
| fixed length control field |
01216nam a22003257a 4500 |
| 001 - NÚMERO DE CONTROL |
| Identificador de número de control |
00052784531 |
| 003 - IDENTIFICACDOR DE NÚMERO DE CONTROL |
| control field |
DO-SdBNP |
| 005 - DATE AND TIME OF LATEST TRANSACTION |
| control field |
20240730130153.0 |
| 007 - CAMPOS FIJOS DE DESCRIPCIÓN FÍSICA |
| fixed length control field |
00052784531 |
| 008 - ELEMENTOS DE LONGITUD FIJA |
| fixed length control field |
161205b1999 sp a |||| 00| 0 spa d |
| 020 ## - ISBN |
| International Standard Book Number |
8437223458 |
| 040 ## - FUENTE DE CATALOGACIÓN |
| Agencia que crea de manera original el registro |
BPMSU |
| Idioma de catalogación |
spa |
| Agencia que realiza la transcripción |
BPMSU |
| 082 #4 - NÚMERO DE CLASIFICACIÓN DECIMAL DE DEWEY |
| Classification number |
823.8 |
| Item number |
A596s 1999 |
| Edition number |
22 |
| 100 1# - ASIENTO PRINCIPAL -- NOMBRE PERSONAL |
| Nombre personal |
Anholt, Laurence, |
| Fechas asociadas con el nombre |
1959- |
| 245 13 - MENCIÓN DE TITULO |
| Título |
El saxofonista de Hamelón / |
| Mención de responsabilidad |
Escrito por Laurence Anholt ; traducción Carlo Frabetti ; ilustración Arthur Robins. |
| 260 ## - PUBLICACIÓN, DISTRIBUCIÓN, ETC. (PIE DE IMPRENTA) |
| Lugar de publicación, distribución, etc |
Madrid : |
| Nombre del editor, distribuidor, etc. |
Grupo Santillana Ediciones, |
| Fecha de publicación, distribución, etc |
1999 |
| 300 ## - DESCRIPCIÓN FÍSICA |
| Extensión |
64 p. : |
| Otros detalles físicos |
il. ; |
| Dimensiones |
22 cm. |
| 490 0# - MENCIÓN DE SERIES |
| Mención de serie |
Historia increíbles |
| 500 ## - NOTA GENERAL |
| Nota general |
Al pie de la cubierta : Historias de siempre contadas como nunca. |
| 534 ## - NOTA SOBRE LA VERSIÓN ORIGINAL |
| Frase introductoria |
Título original : |
| Mención del título original |
The fried piper of hanstring |
| 590 ## - NOTA LOCAL |
| Texto de la nota local |
Inventariado, 2024/VM |
| 650 #4 - ENCABEZAMIENTO DE MATERIA--TEMÁTICO |
| Término temático o nombre geográfico como elemento de entrada |
Cuentos infantiles ingleses |
| Subdivisión de forma |
|
| 650 #4 - ENCABEZAMIENTO DE MATERIA--TEMÁTICO |
| Término temático o nombre geográfico como elemento de entrada |
Saxofonistas |
| Subdivisión de forma |
Cuentos infantiles. |
| 650 #4 - ENCABEZAMIENTO DE MATERIA--TEMÁTICO |
| Término temático o nombre geográfico como elemento de entrada |
Tiras cómicas, historietas, etc. |
| 700 1# - ASIENTO SECUNDARIO -- NOMBRE PERSONAL |
| Nombre personal |
Frabetti, Carlo, |
| Fechas asociadas con el nombre |
1945- |
| Mención de responsabilidad |
traductor |
| 700 1# - ASIENTO SECUNDARIO -- NOMBRE PERSONAL |
| Nombre personal |
Robins, Arthur, |
| Fechas asociadas con el nombre |
1944- |
| Mención de responsabilidad |
ilustraciones |
| 700 1# - ASIENTO SECUNDARIO -- NOMBRE PERSONAL |
| Nombre personal |
Fernández-Arias Almagro, Elena, |
| Mención de responsabilidad |
editor |
| 910 ## - VALIDACIÓN |
| Validación |
LOPEREZ/ VMateo V. Control de calidad. BPMSU |
| 942 ## - ADDED ENTRY ELEMENTS (KOHA) |
| Source of classification or shelving scheme |
Dewey Decimal Classification |
| Koha item type |
Libros |